PROGRAMMING IN ANSI C. (Record no. 1218536)

MARC details
000 -LEADER
fixed length control field 00438nam a2200181Ia 4500
008 - FIXED-LENGTH DATA ELEMENTS--GENERAL INFORMATION
fixed length control field 260330s2025 xx 000 0 und d
020 ## - INTERNATIONAL STANDARD BOOK NUMBER
International Standard Book Number 978-93-5532-672-0
041 ## - LANGUAGE CODE
Language code of text/sound track or separate title eng
082 ## - DEWEY DECIMAL CLASSIFICATION NUMBER
Classification number 5.133
Item number EBA
100 ## - MAIN ENTRY--PERSONAL NAME
Personal name E-BALAGURUSAMY6
245 ## - TITLE STATEMENT
Title PROGRAMMING IN ANSI C.
250 ## - EDITION STATEMENT
Edition statement 9TH
260 ## - PUBLICATION, DISTRIBUTION, ETC.
Name of publisher, distributor, etc. McGRAW HILL FGGG
Date of publication, distribution, etc. 2025
300 ## - PHYSICAL DESCRIPTION
Extent 611Pg
Other physical details PB
365 ## - TRADE PRICE
Currency code Rs.
650 ## - SUBJECT ADDED ENTRY--TOPICAL TERM
Topical term or geographic name entry element Computer Programming
700 ## - ADDED ENTRY--PERSONAL NAME
Personal name E-BALAGURUSAMY6
Holdings
Withdrawn status Lost status Damaged status Not for loan Home library Current library Date acquired Cost, normal purchase price Total Checkouts Full call number Barcode Date last seen Cost, replacement price Price effective from Koha item type
        Abhijit Kadam Institute of Management & Social Science, Solapur Abhijit Kadam Institute of Management & Social Science, Solapur 20/03/2026 652.50   5.133/EBA AKS-C-05016 30/03/2026 652.50 30/03/2026 Book